000 00326nam a22001457a 4500
008 230117b ||||| |||| 00| 0 eng d
020 _a8840014504338
041 _aeng
080 _2SECOND EDITION
_a159.9
082 _a159.9
100 _a25
101 _aPSI
245 _aSHAW'S PLAYS
_cGEORGE BERNARD
942 _2udc
_cBK
999 _c59234
_d59234